International social work (Record no. 7332)
[ view plain ]
| 000 -LEADER | |
|---|---|
| fixed length control field | 00586nam a2200157Ia 4500 |
| 020 ## - INTERNATIONAL STANDARD BOOK NUMBER | |
| ISBN | 9781847875631 |
| 082 ## - DEWEY DECIMAL CLASSIFICATION NUMBER | |
| Classification number | RR 361.3 INT- |
| 245 #0 - TITLE STATEMENT | |
| Title | International social work |
| 260 ## - PUBLICATION, DISTRIBUTION, ETC. (IMPRINT) | |
| Place of publication | Los Angeles |
| Name of publisher | Sage Publications |
| Year of publication | 2010 |
| 440 ## - SERIES STATEMENT/ADDED ENTRY--TITLE | |
| Title | Sage library of social welfare |
| 500 ## - GENERAL NOTE | |
| General note | contents: 4 Vols. Vol.1 (Welfare theory and approaches), (lxi, 384p.) - v. 2 (Social work practice), (xxxii, 390p.) - v.3 (Social work research), (xviii, 358p.) - v.4 (Future challenges), (xxi, 401p.) |
| 650 ## - SUBJECT ADDED ENTRY--TOPICAL TERM | |
| Topical Term | Social service |
| 700 ## - ADDED ENTRY--PERSONAL NAME | |
| Personal name | Gray, Mel |
| 700 ## - ADDED ENTRY--PERSONAL NAME | |
| Personal name | Webb, Stephen A. |
| 942 ## - ADDED ENTRY ELEMENTS (KOHA) | |
| Koha item type | Books |
| Source of classification or shelving scheme | Dewey Decimal Classification |
| Withdrawn status | Lost status | Damaged status | Not for loan | Home library | Current library | Date acquired | Source of acquisition | Serial Enumeration / chronology | Bill Date | Full call number | Accession Number | Price effective from | Koha item type |
|---|---|---|---|---|---|---|---|---|---|---|---|---|---|
| NASSDOC Library | NASSDOC Library | 23/07/2010 | IBD | V.1 | 2010-06-28 | RR 361.3 INT- | 46457 | 18/04/2019 | Books | ||||
| NASSDOC Library | NASSDOC Library | 23/07/2010 | IBD | V.2 | 2010-06-28 | RR 361.3 INT- | 46458 | 18/04/2019 | Books | ||||
| NASSDOC Library | NASSDOC Library | 23/07/2010 | IBD | V.3 | 2010-06-28 | RR 361.3 INT- | 46459 | 18/04/2019 | Books | ||||
| NASSDOC Library | NASSDOC Library | 23/07/2010 | IBD | V.4 | 2010-06-28 | RR 361.3 INT- | 46460 | 18/04/2019 | Books |
